[Event "SVK-chT2B 2223"]
[Site "Slovakia"]
[Date "2022.10.09"]
[Round "2.5"]
[White "Sosovickova, Martina"]
[Black "Zatko, Gregor"]
[Result "0-1"]
[WhiteElo "1705"]
[BlackElo "2098"]
[PlyCount "82"]
[EventDate "2022.10.08"]
[EventType "team-tourn"]
[EventRounds "11"]
[EventCountry "SVK"]
[SourceTitle "CBM 210 Extra"]
[Source "ChessBase"]
[SourceDate "2022.11.30"]
[SourceVersion "1"]
[SourceVersionDate "2022.11.30"]
[SourceQuality "1"]
[WhiteTeam "Dubnica nad Vahom III"]
[BlackTeam "Levice II"]
[WhiteTeamCountry "SVK"]
[BlackTeamCountry "SVK"]

1. e4 c5 2. Nf3 Nc6 3. d4 cxd4 4. Nxd4 e5 5. Nb5 d6 6. c3 a6 7. N5a3 Be7 8. Be3 Rb8 9. Bc4 Nf6 10. f3 0-0 11. 0-0 Na5 12. Bf2 b5 13. Bb3 Nxb3 14. axb3 d5 15. exd5 Nxd5 16. Qe2 Qc7 17. Re1 Bd6 18. c4 Nf4 19. Qd2 Bf5 20. cxb5 Rfd8 21. Qc3 Nd3 22. Qxc7 Bxc7 23. Re2 Nxf2 24. Kxf2 axb5 25. Nd2 Bd3 26. Ree1 Bb6+ 27. Kg3 Bd4 28. Ne4 f5 29. Ng5 Bxb2 30. Ra2 Bc3 31. Rc1 b4 32. Nb1 h6 33. Nh3 Bd4 34. Nf2 Bb5 35. h4 Be3 36. Rc7 Rd7 37. Rxd7 Bxd7 38. Nd3 f4+ 39. Kh2 Bf5 40. Nxe5 Bxb1 41. Re2 Re8 0-1

[Event "SVK-chT1E 2122"]
[Site "Slovakia"]
[Date "2022.03.19"]
[Round "6.6"]
[White "Valuska, Pavel"]
[Black "Zatko, Gregor"]
[Result "1/2-1/2"]
[WhiteElo "1985"]
[BlackElo "2106"]
[PlyCount "62"]
[EventDate "2022.01.29"]
[EventType "team-tourn"]
[EventRounds "11"]
[EventCountry "SVK"]
[SourceTitle "EXT 2023"]
[Source "ChessBase"]
[SourceDate "2022.10.05"]
[SourceVersion "1"]
[SourceVersionDate "2022.10.05"]
[SourceQuality "1"]
[WhiteTeam "Zvolen Slavia"]
[BlackTeam "Banska Bystrica Junior"]
[WhiteTeamCountry "SVK"]
[BlackTeamCountry "SVK"]

1. e4 c5 2. Nf3 Nc6 3. c3 Nf6 4. d3 d5 5. e5 Nd7 6. d4 e6 7. a3 Be7 8. b4 cxd4 9. cxd4 f6 10. exf6 Nxf6 11. Bd3 0-0 12. Nc3 Bd7 13. 0-0 Rc8 14. Bb2 Bd6 15. Re1 Nh5 16. Nb5 Bb8 17. g3 Qf6 18. Kg2 Ne7 19. Rf1 a6 20. Nc3 Ng6 21. Bxg6 hxg6 22. Qd3 Rc4 23. Qe3 Qf5 24. Nh4 Qg4 25. f3 Qxd4 26. Qxd4 Rxd4 27. Nxg6 Rf6 28. Nh4 Rd2+ 29. Rf2 Rxb2 30. Rxb2 g5 31. Rd2 gxh4 1/2-1/2

[Event "SVK-chT2B 1920"]
[Site "Slovakia"]
[Date "2019.11.16"]
[Round "3.5"]
[White "Zatko, Gregor"]
[Black "Lancz, Ondrej"]
[Result "0-1"]
[WhiteElo "2126"]
[BlackElo "2034"]
[PlyCount "68"]
[EventDate "2019.10.26"]
[EventType "team-tourn"]
[EventRounds "11"]
[EventCountry "SVK"]
[SourceTitle "CBM 193 Extra"]
[Source "ChessBase"]
[SourceDate "2020.01.31"]
[SourceVersion "1"]
[SourceVersionDate "2020.01.31"]
[SourceQuality "1"]
[WhiteTeam "Levice"]
[BlackTeam "Sala Slovan Duslo"]
[WhiteTeamCountry "SVK"]
[BlackTeamCountry "SVK"]

1. e4 d6 2. d4 Nf6 3. Nc3 g6 4. f4 Bg7 5. h3 c5 6. d5 e6 7. Nf3 exd5 8. exd5 0-0 9. Be2 a6 10. a4 Re8 11. 0-0 Bf5 12. Nd2 Ne4 13. Ncxe4 Bxe4 14. Nxe4 Rxe4 15. Bd3 Re8 16. Qf3 Nd7 17. a5 Qc7 18. c4 Re7 19. Ra2 Rae8 20. Bd2 f5 21. g4 fxg4 22. hxg4 Rf8 23. g5 Ne5 24. Qg3 Nxd3 25. Qxd3 Qd7 26. Qf3 Bd4+ 27. Kh1 Qf5 28. b4 Rfe8 29. b5 axb5 30. cxb5 Re3 31. Bxe3 Rxe3 32. Kg2 Rxf3 33. Rxf3 Qxd5 34. Ra4 c4 0-1

[Event "Tatry op"]
[Site "Tatranske Zruby"]
[Date "2019.10.03"]
[Round "7"]
[White "Hurtak, Otto"]
[Black "Zatko, Gregor"]
[Result "1-0"]
[WhiteElo "2004"]
[BlackElo "2150"]
[PlyCount "47"]
[EventDate "2019.09.28"]
[EventType "swiss"]
[EventRounds "9"]
[EventCountry "SVK"]
[SourceTitle "EXT 2020"]
[Source "ChessBase"]
[SourceDate "2019.10.17"]
[SourceVersion "1"]
[SourceVersionDate "2019.10.17"]
[SourceQuality "1"]

1. d4 Nf6 2. Nf3 c5 3. e3 g6 4. c4 Bg7 5. Nc3 0-0 6. Be2 cxd4 7. exd4 d5 8. 0-0 Nc6 9. h3 b6 10. cxd5 Nxd5 11. Qb3 Nxc3 12. bxc3 Na5 13. Qb4 Be6 14. Bg5 f6 15. Bf4 Bd5 16. c4 Be4 17. Rfd1 Qd7 18. Rac1 Rfd8 19. d5 Nb7 20. Nd4 Nc5 21. Nb3 Rac8 22. f3 Qf5 23. Qd2 Bd3 24. g4 1-0

[Event "SVK-chT1E 1819"]
[Site "Slovakia"]
[Date "2019.01.13"]
[Round "6.4"]
[White "Galvanek, Ladislav"]
[Black "Zatko, Gregor"]
[Result "1-0"]
[WhiteElo "1963"]
[BlackElo "2173"]
[PlyCount "91"]
[EventDate "2018.10.27"]
[EventType "team-tourn"]
[EventRounds "11"]
[EventCountry "SVK"]
[SourceTitle "CBM 188 Extra"]
[Source "ChessBase"]
[SourceDate "2019.02.26"]
[SourceVersion "1"]
[SourceVersionDate "2019.02.26"]
[SourceQuality "1"]
[WhiteTeam "Kysucke Nove Mesto"]
[BlackTeam "Banska Bystrica Junior"]
[WhiteTeamCountry "SVK"]
[BlackTeamCountry "SVK"]

1. d4 Nf6 2. Bf4 g6 3. e3 Bg7 4. Nf3 d6 5. h3 0-0 6. Be2 Nc6 7. Bh2 Nd7 8. 0-0 e5 9. c4 e4 10. Nfd2 f5 11. Nc3 Nf6 12. Re1 g5 13. Bf1 g4 14. Kh1 Qe8 15. Rb1 Qg6 16. Ne2 Bh6 17. Bf4 Nh5 18. g3 Kh8 19. Bg2 Rg8 20. hxg4 Nxf4 21. Nxf4 Bxf4 22. exf4 Qh6+ 23. Kg1 Rxg4 24. Nf1 Qf6 25. Ne3 Rg7 26. Nc2 Bd7 27. d5 Ne7 28. Qd4 Qf7 29. Ne3 h5 30. Rbc1 Kh7 31. c5 Rag8 32. cxd6 cxd6 33. Rc7 Bc8 34. Kf1 h4 35. Ke2 Qh5+ 36. Kd2 Ng6 37. Rxg7+ Rxg7 38. Rh1 b6 39. Qf6 Ba6 40. g4 fxg4 41. Nf5 Rc7 42. Bxe4 Kg8 43. Nxh4 Nxh4 44. Rxh4 Rf7 45. Qd8+ Rf8 46. Qxf8+ 1-0

[Event "SVK-chT1E 1819"]
[Site "Slovakia"]
[Date "2018.11.25"]
[Round "4.2"]
[White "Kerdik, Adam"]
[Black "Zatko, Gregor"]
[Result "1-0"]
[WhiteElo "2076"]
[BlackElo "2188"]
[PlyCount "81"]
[EventDate "2018.10.27"]
[EventType "team-tourn"]
[EventRounds "11"]
[EventCountry "SVK"]
[SourceTitle "CBM 188 Extra"]
[Source "ChessBase"]
[SourceDate "2019.02.26"]
[SourceVersion "1"]
[SourceVersionDate "2019.02.26"]
[SourceQuality "1"]
[WhiteTeam "Liptov Chess School II"]
[BlackTeam "Banska Bystrica Junior"]
[WhiteTeamCountry "SVK"]
[BlackTeamCountry "SVK"]

1. d4 Nf6 2. c4 e6 3. Nc3 Bb4 4. Qc2 0-0 5. Nf3 d6 6. Bd2 Nbd7 7. a3 Bxc3 8. Bxc3 Qe7 9. e3 b6 10. Be2 Bb7 11. b4 Ne4 12. Bb2 f5 13. 0-0 Rf6 14. c5 Bd5 15. Bc4 Bxc4 16. Qxc4 d5 17. Qa6 Rff8 18. c6 Ndf6 19. Ne5 Ng4 20. f3 Nxe5 21. fxe4 Nc4 22. exd5 exd5 23. Bc1 f4 24. exf4 Qf6 25. Ra2 Qxc6 26. Kh1 Qf6 27. Raf2 Qxd4 28. Qb7 c5 29. bxc5 bxc5 30. f5 Rae8 31. h3 Nd6 32. Qd7 Ne4 33. Rf3 Nf6 34. Qxa7 Re2 35. Rg3 Ne4 36. Rg4 h5 37. f6 Nf2+ 38. Rxf2 Re1+ 39. Kh2 Qe5+ 40. g3 Rxf6 41. Qxg7# 1-0

[Event "SVK-chT2B 1819"]
[Site "Slovakia"]
[Date "2018.11.17"]
[Round "3.1"]
[White "Berek, Geza"]
[Black "Zatko, Gregor"]
[Result "0-1"]
[WhiteElo "2207"]
[BlackElo "2191"]
[PlyCount "62"]
[EventDate "2018.10.13"]
[EventType "team-tourn"]
[EventRounds "11"]
[EventCountry "SVK"]
[SourceTitle "CBM 187 Extra"]
[Source "ChessBase"]
[SourceDate "2018.11.04"]
[SourceVersion "1"]
[SourceVersionDate "2018.11.04"]
[SourceQuality "1"]
[WhiteTeam "Batorove Kosihy II"]
[BlackTeam "Levice"]
[WhiteTeamCountry "SVK"]
[BlackTeamCountry "SVK"]

1. e4 c5 2. Nf3 d6 3. d4 cxd4 4. Nxd4 Nf6 5. Nc3 a6 6. Be3 e6 7. f3 h5 8. a4 b6 9. Bc4 Qc7 10. Qe2 Nbd7 11. 0-0 Ne5 12. Bb3 Bb7 13. Rad1 Rc8 14. f4 Nc4 15. Bc1 Qc5 16. Kh1 h4 17. Rf2 g6 18. Bxc4 Qxc4 19. Rd3 h3 20. g4 Rh4 21. g5 Ng4 22. Rff3 Bg7 23. Qe1 Rh8 24. Nb3 Ke7 25. Qg1 Bxc3 26. Rxc3 Qxe4 27. Nd2 Qe2 28. Qxg4 Rxc3 29. bxc3 Qd1+ 30. Qg1 Qxf3+ 31. Nxf3 Bxf3+ 0-1

[Event "Banska Stiavnica V4 op"]
[Site "Banska Stiavnica"]
[Date "2018.07.12"]
[Round "6"]
[White "Zatko, Gregor"]
[Black "Gelle, Istvan"]
[Result "1-0"]
[WhiteElo "2144"]
[BlackElo "2344"]
[PlyCount "85"]
[EventDate "2018.07.07"]
[EventType "swiss"]
[EventRounds "9"]
[EventCountry "SVK"]
[SourceTitle "CBM 185 Extra"]
[Source "ChessBase"]
[SourceDate "2018.07.29"]
[SourceVersion "1"]
[SourceVersionDate "2018.07.29"]
[SourceQuality "1"]

1. d4 d5 2. Bf4 c6 3. Nc3 Bf5 4. f3 e6 5. e4 Bg6 6. Bd3 Bd6 7. e5 Bb4 8. Nge2 Ne7 9. 0-0 Nd7 10. a3 Ba5 11. Be3 b5 12. f4 Bb6 13. b4 a5 14. Qb1 Bxd3 15. cxd3 Nf5 16. Bf2 h5 17. bxa5 Bxa5 18. Na2 g5 19. Qc1 gxf4 20. Qxf4 h4 21. Be1 Bxe1 22. Raxe1 Rg8 23. Nb4 Nb8 24. Nc2 Qg5 25. Qf2 Nd7 26. Nf4 Ra4 27. Nb4 Nb8 28. Rc1 Kd7 29. Qc2 Nxd4 30. Qc5 Ne2+ 31. Kh1 Nxf4 32. Qd6+ Kc8 33. Rxc6+ Nxc6 34. Qxc6+ Kd8 35. Qd6+ Ke8 36. Qb8+ Qd8 37. Qxb5+ Kf8 38. Qxa4 Qg5 39. Qc2 Nxg2 40. Nxd5 exd5 41. e6 f5 42. Qc7 Rg7 43. Rxf5+ 1-0